Statistics for Pokémon GO: Highest CP Fire-type Pokémon

Click here to take the quiz!

General Stats

  • This quiz has been taken 38 times
    (23 since last reset)
  • The average score is 16 of 20

Answer Stats

HintAnswer% Correct
4704Mega Blaziken
100%
4353Mega Charizard X
100%
5037Mega Charizard Y
100%
4565Reshiram
100%
3917Moltres
92%
6672Primal Groudon
92%
3422Skeledirge
92%
3695Chandelure
85%
3459Delphox
85%
3926Entei
85%
3511Darmanitan
77%
4344Mega Houndoom
77%
3424Flareon
69%
4367Ho-Oh
69%
3425Arcanine
62%
3556Arcanine (Hisuian)
62%
4244Heatran
62%
3541Magmortar
62%
3691Victini
62%
4106Volcarona
38%

Score Distribution

Percentile by Number Answered

Percent of People with Each Score

Your Score History

You have not taken this quiz since the last reset